000 00309nam a22001217a 4500
008 230612b xxu||||| |||| 00| 0 eng d
082 _a352.4
_bKEN
245 _aSupplementary Estimates II (Recurrent Expenditure)
260 _aNairobi,Kenya
_bGOK
_c2017
300 _aVI,641p
440 _vII
942 _2ddc
_cBK
999 _c1131
_d1131